000 00891nam a2200253 a 4500
001 BRCA_5063
005 20190320204925.0
008 081110s1943----mx-a######---#000-0#spa-#
041 _aspa
044 _amx
050 4 _aF1230
_b.C64 1943
100 1 _aConway, George Robert Graham
_912911
245 1 0 _aLa noche triste
_cpor G.R.G. Conway.
260 _aMéxico
_bAntigua Librería Robredo de José Porrúa e Hijos
_c1943
300 _axiv, 105 p.
_bil., 12 láminas
_c23 cm.
500 _aIncluye índice analítico e índice de ilustraciones
500 _aDocumentos: Segura de la Frontera en Nueva España, año de MDXX que se publican integramente por primera vez con un prólogo y notas
500 _aEjemplar numerado 142 de 450
500 _aD154
650 1 4 _aConquista Española
_y1519-1540
_912912
651 4 _aMéxico
_xHistoria
_9614
902 _aGFM
942 _2lcc
_cB
999 _c4757
_d4757